000 01214nam0a2200349 4500
001 RU\NLR\BIBL_A\012482751
005 20210402092906.0
010 _a978-5-389-18776-4
_95000
021 _aRU
_bКН-П-20-073677
_9КН-П-20-5539
035 _a(NLR Aleph) 012482751
035 _a(RuMoRGB)010492167
090 _a12139104
_c12139104
100 _a20210323d2020 u y0rusy50 ca
101 1 _arus
_ceng
102 _aRU
105 _aa|||z|||000ay
181 0 _ai
_baxxe
182 0 _an
200 1 _aМои 99 процентов
_eроман
_fСалли Торн
_gперевод с английского Ирины Тетериной
203 _aТекст
_bвизуальный
_cнепосредственный
210 _aМосква [и др.]
_cИностранка [и др.]
_d2020
215 _a413, [3] с.
_cил.
_d18
320 _aДр. кн. авт.: с. 2
333 _a16+
686 1 _aШ6(82)67-440.4{Лх3018-45}
700 1 _7ca
_8rus
_aТорн
_bС.
_f1981-
_gСалли
_9186179
_3RU\NLR\AUTH\770186230
942 _cBOOK
980 _aNBR
980 _aNB